000 00252nam a22000977a 4500
005 20250901165417.0
008 210324b ||||| |||| 00| 0 eng d
050 _aHF5635 .R44 1983
245 _aAccounting principles workbook
_cREECE, JAMES S.
942 _2lcc
999 _c3513
_d3513